Antología esencial
Uloženo v:
| Hlavní autor: | |
|---|---|
| Médium: | Kniha |
| Jazyk: | španělština |
| Vydáno: |
Santiago
LOM
2009
|
| Vydání: | 1a. ed |
| Edice: | Colección Bolsillo
|
| Témata: | |
| Tagy: |
Přidat tag
Žádné tagy, Buďte první, kdo vytvoří štítek k tomuto záznamu!
|
MARC
| LEADER | 00000nam a2200000 a 4500 | ||
|---|---|---|---|
| 001 | UCH8992 | ||
| 003 | CL-VaPUC | ||
| 008 | 091217e20090000CL |||||||||||||||||spa|d | ||
| 020 | |a 9789560000019 | ||
| 082 | 0 | 4 | |a 861 |b CAR |2 21 |
| 100 | 0 | |a Cardenal, Ernesto |e author |9 545797 | |
| 245 | 1 | 0 | |a Antología esencial |
| 250 | |a 1a. ed | ||
| 300 | |a 220 p | ||
| 942 | |c BK | ||
| 945 | |d 20091217 00:00:00 |a cmena | ||
| 260 | |a Santiago |b LOM |c 2009 | ||
| 650 | 7 | |a POESIAS NICARAGUENSES |2 CL-VaPUC |9 266965 | |
| 650 | 7 | |a LITERATURA NICARAGUENSE |2 CL-VaPUC |9 325734 | |
| 583 | |a last modification |c 20091217 00:00:00 |k Rodrigo Vera | ||
| 490 | 0 | |a Colección Bolsillo | |
| 999 | |c 339071 |d 339069 | ||
| 952 | |0 0 |1 0 |4 0 |6 861_000000000000000_CAR_2009 |7 0 |8 C |9 432460 |a BIBCUR |b BIBCUR |d 2019-11-22 |i 460248K |l 1 |o 861 CAR 2009 |p 460248K |r 2025-04-22 |s 2022-10-21 |w 2019-11-22 |y BK |k CAC | ||